Hamzah Hussin : (Record no. 158569)

MARC details
000 -LEADER
fixed length control field 00728nam a2200241 i 4500
001 - CONTROL NUMBER
control field C2-0212064
003 - CONTROL NUMBER IDENTIFIER
control field PPAK
005 - DATE AND TIME OF LATEST TRANSACTION
control field 20180728103105.0
008 - FIXED-LENGTH DATA ELEMENTS--GENERAL INFORMATION
fixed length control field 990325s1997 my |||| ||||| | may d
020 ## - INTERNATIONAL STANDARD BOOK NUMBER
International Standard Book Number 9679423751
040 ## - CATALOGING SOURCE
Original cataloging agency PPAK
Language of cataloging eng
Transcribing agency PPAK
Description conventions rda
082 04 - DEWEY DECIMAL CLASSIFICATION NUMBER
Classification number 899.2309
Edition number 23
090 00 - LOCALLY ASSIGNED LC-TYPE CALL NUMBER (OCLC); LOCAL CALL NUMBER (RLIN)
Classification number (OCLC) (R) ; Classification number, CALL (RLIN) (NR) 899.2309
Feature heading ATH
Feature heading G
100 0# - MAIN ENTRY--PERSONAL NAME
Personal name Athi Sivan Mariappan,
Relator term author
245 10 - TITLE STATEMENT
Title Hamzah Hussin :
Remainder of title sekitar pemikiran seni untuk seni
264 #1 - PRODUCTION, PUBLICATION, DISTRIBUTION, MANUFACTURE, AND COPYRIGHT NOTICE
Place of production, publication, distribution, manufacture Bangi, Selangor :
Name of producer, publisher, distributor, manufacturer Penerbitan Universiti Kebangsaan Malaysia ,
Date of production, publication, distribution, manufacture, or copyright notice 1997
300 ## - PHYSICAL DESCRIPTION
Extent 107 pages ;
Dimensions 23 cm
336 ## - CONTENT TYPE
Source rdacontent
Content type term text
337 ## - MEDIA TYPE
Source rdamedia
Media type term unmediated
338 ## - CARRIER TYPE
Source rdacarrier
Carrier type term volume
650 10 - SUBJECT ADDED ENTRY--TOPICAL TERM
Topical term or geographic name entry element Malay literature - History and criticism
942 ## - ADDED ENTRY ELEMENTS (KOHA)
-- dc
Koha item type Book
Holdings
Withdrawn Not for loan Current library Shelving location Date acquired Full call number Barcode Date last seen Koha item type
    Perpustakaan Sik Pinjaman Dewasa 25/03/1999 899.2309 ATH A00273957 01/06/2018 Book
    PD16, Kg. Jelai, Pendang Pinjaman Dewasa 13/07/1999 899.2309 ATH A00268215 01/06/2018 Book
    PD17, Kg. Binjul, Kuala Ketil Pinjaman Dewasa 13/07/1999 899.2309 ATH A00268217 01/06/2018 Book
    PD17, Kg. Binjul, Kuala Ketil Pinjaman Dewasa 13/07/1999 899.2309 ATH A00268218 01/06/2018 Book
    PD18, Kg. Wang Tepus, Jitra Pinjaman Dewasa 13/07/1999 899.2309 ATH A00268219 01/06/2018 Book
    PD18, Kg. Wang Tepus, Jitra Pinjaman Dewasa 13/07/1999 899.2309 ATH A00268220 01/06/2018 Book
    PD21, Kg. Tengah, Jerlun Pinjaman Dewasa 13/07/1999 899.2309 ATH A00277513 01/06/2018 Book
    PD21, Kg. Tengah, Jerlun Pinjaman Dewasa 13/07/1999 899.2309 ATH A00277514 01/06/2018 Book